header

Interpersonal communication: (Record no. 257271)

MARC details
000 -LEADER
fixed length control field 00595nam a22001937a 4500
003 - CONTROL NUMBER IDENTIFIER
control field OSt
005 - DATE AND TIME OF LATEST TRANSACTION
control field 20220930154407.0
008 - FIXED-LENGTH DATA ELEMENTS--GENERAL INFORMATION
fixed length control field 180906b xxu||||| |||| 00| 0 eng d
010 ## - LIBRARY OF CONGRESS CONTROL NUMBER
LC control number 2003100441
020 ## - INTERNATIONAL STANDARD BOOK NUMBER
International Standard Book Number 0534623182
040 ## - CATALOGING SOURCE
Original cataloging agency DLC
Language of cataloging Eng
Transcribing agency DLC
Description conventions rda
050 ## - LIBRARY OF CONGRESS CALL NUMBER
Classification number BF637.C45
Item number W656 2004
100 ## - MAIN ENTRY--PERSONAL NAME
Personal name Wood, Julia T.
245 ## - TITLE STATEMENT
Title Interpersonal communication:
Remainder of title everyday encounters
Statement of responsibility, etc Julia T. Wood.
250 ## - EDITION STATEMENT
Edition statement 4th ed
Remainder of edition statement Instuctor's Edition
260 ## - PUBLICATION, DISTRIBUTION, ETC. (IMPRINT)
Place of publication, distribution, etc Belmont, CA :
Name of publisher, distributor, etc Thomson/Wadsworth,
Date of publication, distribution, etc c2004.
300 ## - PHYSICAL DESCRIPTION
Extent xviii;365p
Other physical details ill; col.
Dimensions 26 cm. + |e 1 CD-ROM (4 3/4 in.)
942 ## - ADDED ENTRY ELEMENTS (KOHA)
Source of classification or shelving scheme Library of Congress Classification
Koha item type Long Loan Books
Holdings
Withdrawn status Lost status Source of classification or shelving scheme Damaged status Not for loan Collection code Home library Current library Shelving location Date acquired Total Checkouts Full call number Barcode Date last seen Price effective from Koha item type
    Library of Congress Classification     Non-fiction Rongo University Library Rongo University Library General Stacks 06/09/2018   BF637 .W663 2004 20155504 06/09/2018 06/09/2018 Long Loan Books

© 2026 Rongo University
Contact us: librarian | system librarian | Rongo university